<?xml version="1.0" encoding="UTF-8"?>
<marc:record xmlns:marc="http://www.loc.gov/MARC21/slim">
   <marc:leader>00000nam a2200000 a 4500</marc:leader>
   <marc:datafield ind1="1" ind2=" " tag="100">
      <marc:subfield code="a">Rosenberg, Marc</marc:subfield>
      <marc:subfield code="4">aut</marc:subfield>
      <marc:subfield code="e">Verfasser/-in</marc:subfield>
   </marc:datafield>
   <marc:datafield ind1="0" ind2="0" tag="245">
      <marc:subfield code="a">Eliot Holtby und das Universum der Vergangenheit</marc:subfield>
   </marc:datafield>
   <marc:datafield ind1=" " ind2="1" tag="264">
      <marc:subfield code="b">Vermes-Verlag</marc:subfield>
      <marc:subfield code="c">2025</marc:subfield>
   </marc:datafield>
   <marc:datafield ind1="1" ind2=" " tag="520">
      <marc:subfield code="a">"Als Eliot Holtby an seinem 13. Geburtstag den schützenden Bann seiner Mutter bricht, werden ungeahnte magische Kräfte in ihm erweckt &amp;#x2013; und das Abenteuer seines Lebens beginnt. Nur, wenn er es schafft, die sieben Prüfungen der 'Landkarte des Lichts' zu meistern, kann er die Menschheit vor dem sicheren Untergang bewahren! Zusammen mit seinen besten Freunden, dem blinden Florens Frogs und der resoluten Abigail Rogers, stürzt sich Eliot in atemberaubende Zeitreisen durch die Parallelwelten der letzten Jahrhunderte. Dabei begegnet er den berühmtesten Persönlichkeiten der Menschheitsgeschichte &amp;#x2015; und erhält von ihnen unerwartete Unterstützung." (www.buchhandel.de)</marc:subfield>
   </marc:datafield>
   <marc:datafield ind1=" " ind2=" " tag="020">
      <marc:subfield code="a">9783903553019</marc:subfield>
      <marc:subfield code="9">9783903553019</marc:subfield>
   </marc:datafield>
</marc:record>
